000 00973nam a2200289 a 4500
001 66339
003 BD-RjUL
005 20211209081527.0
008 170315s2004 dcu b i001 0 eng
020 _a0821358499
035 _a(BD-RjUL)66469
040 _aDLC
_cDLC
_dBD-RjUL
_beng
041 _aeng
082 0 0 _a371.26096
_223
_bKEA 2004
100 1 _aKellaghan, Thomas.
_9196333
245 1 0 _aAssessing student learning in Africa /
_cThomas Kellaghan and Vincent Greaney.
260 _aWashington, D.C. :
_bWorld Bank,
_cc2004.
300 _axiv, 81 p. ;
_c23 cm.
490 1 _aDirections in development
504 _aIncludes bibliographical references and index.
650 0 _aEducational evaluation
_zAfrica
_vCase studies.
_9196334
650 0 _aEducational tests and measurements
_zAfrica
_vCase studies.
_9196335
700 1 _aGreaney, Vincent.
_9196336
830 0 _aDirections in development
_9196338
942 _2ddc
_cBK
999 _c66339
_d66339